<?xml version="1.0" encoding="UTF-8"?>
<record
    xmlns:xsi="http://www.w3.org/2001/XMLSchema-instance"
    xsi:schemaLocation="http://www.loc.gov/MARC21/slim http://www.loc.gov/standards/marcxml/schema/MARC21slim.xsd"
    xmlns="http://www.loc.gov/MARC21/slim">

  <leader>02821nam a2200529   4500</leader>
  <controlfield tag="001">113823</controlfield>
  <controlfield tag="003">DR-UNIBE</controlfield>
  <controlfield tag="005">20251212062555.0</controlfield>
  <controlfield tag="008">250703b2007    dr ||||| |||| 00| 0 spa d</controlfield>
  <datafield tag="020" ind1=" " ind2=" ">
    <subfield code="a">9945170139</subfield>
  </datafield>
  <datafield tag="040" ind1=" " ind2=" ">
    <subfield code="a">BIBLIOTECA UNIBE</subfield>
    <subfield code="b">spa</subfield>
    <subfield code="c">BIBLIOTECA UNIBE</subfield>
    <subfield code="e">rda</subfield>
  </datafield>
  <datafield tag="041" ind1=" " ind2=" ">
    <subfield code="a">spa</subfield>
  </datafield>
  <datafield tag="082" ind1=" " ind2=" ">
    <subfield code="a">RD 230.07  Y99f </subfield>
  </datafield>
  <datafield tag="100" ind1="1" ind2="0">
    <subfield code="a">Yzuel Sanz, Juan </subfield>
    <subfield code="9">196934</subfield>
    <subfield code="e">autor</subfield>
  </datafield>
  <datafield tag="245" ind1="1" ind2="0">
    <subfield code="a">Formaci&#xF3;n integral, humana y religiosa : </subfield>
    <subfield code="b">quinto grado nivel b&#xE1;sico / </subfield>
    <subfield code="c">Juan Yzuel Sanz</subfield>
  </datafield>
  <datafield tag="250" ind1=" " ind2=" ">
    <subfield code="a">Primera edici&#xF3;n</subfield>
  </datafield>
  <datafield tag="260" ind1=" " ind2=" ">
    <subfield code="a">Santo Domingo : </subfield>
    <subfield code="b">Ministerio de Educaci&#xF3;n (MINERD) :</subfield>
    <subfield code="b"> SM,</subfield>
    <subfield code="c"> 2007</subfield>
  </datafield>
  <datafield tag="300" ind1=" " ind2=" ">
    <subfield code="a">119 p&#xE1;ginas : </subfield>
    <subfield code="b">ilustraciones a color ; </subfield>
    <subfield code="c">27 x 21 cm</subfield>
  </datafield>
  <datafield tag="490" ind1=" " ind2=" ">
    <subfield code="a"> Gesti&#xF3;n educativa 2004-2008</subfield>
  </datafield>
  <datafield tag="500" ind1=" " ind2=" ">
    <subfield code="a">Se leen los nombres de personas y empresas encragados de las fotograf&#xED;as</subfield>
  </datafield>
  <datafield tag="505" ind1=" " ind2=" ">
    <subfield code="a">Presentaci&#xF3;n |
1.  Creaci&#xF3;n del universo y del ser humano |
2.  Como en una familia |
3.  Dios se revela al ser humano  |
4.  El Dios de toda confianza |
5.  Dios libera a los seres humanos  |
6.  David y la promesa del Mes&#xED;as  |
7.  La fiesta del nacimiento de Jes&#xFA;s |
8.  En Jes&#xFA;s, se cumple la promesa |
9.  La iglesia en sus comienzos | 
10.  Expansi&#xF3;n del cristianismo |
11. La comunidad cristiana |
12.  Un futuro de esperanza </subfield>
  </datafield>
  <datafield tag="650" ind1=" " ind2="7">
    <subfield code="2">lemb</subfield>
    <subfield code="a">Educaci&#xF3;n cristiana </subfield>
    <subfield code="x"> Libros de texto</subfield>
    <subfield code="9">201471</subfield>
  </datafield>
  <datafield tag="650" ind1=" " ind2="7">
    <subfield code="2">lemb</subfield>
    <subfield code="a">Valores sociales</subfield>
    <subfield code="x"> Libros de texto</subfield>
    <subfield code="9">201472</subfield>
  </datafield>
  <datafield tag="700" ind1="1" ind2="0">
    <subfield code="a">Guzm&#xE1;n Seijo, Ana</subfield>
    <subfield code="9">196941</subfield>
    <subfield code="e">director editorial</subfield>
  </datafield>
  <datafield tag="700" ind1="1" ind2="0">
    <subfield code="a">Moreno, Ana</subfield>
    <subfield code="9">196942</subfield>
    <subfield code="e">director editorial</subfield>
  </datafield>
  <datafield tag="700" ind1="1" ind2="0">
    <subfield code="a">Ortiz V&#xE9;lez, Mayte</subfield>
    <subfield code="9">196943</subfield>
    <subfield code="e">director editorial</subfield>
  </datafield>
  <datafield tag="700" ind1="1" ind2="0">
    <subfield code="a">Paris, Diana</subfield>
    <subfield code="9">62794</subfield>
    <subfield code="e">director editorial</subfield>
  </datafield>
  <datafield tag="700" ind1="1" ind2="0">
    <subfield code="a">Escalera, Maximiliano</subfield>
    <subfield code="9">196944</subfield>
    <subfield code="e">revisor pedag&#xF3;gico</subfield>
    <subfield code="e">coordinador editorial</subfield>
  </datafield>
  <datafield tag="700" ind1="1" ind2="0">
    <subfield code="a">Aguas, Luis Miguel</subfield>
    <subfield code="9">196945</subfield>
    <subfield code="e">revisor pedag&#xF3;gico</subfield>
    <subfield code="e">coordinador editorial</subfield>
  </datafield>
  <datafield tag="700" ind1="1" ind2="0">
    <subfield code="a">Cortes Soriano, Mar&#xED;a Dolores</subfield>
    <subfield code="9">196946</subfield>
    <subfield code="e">coordinador pedag&#xF3;gico</subfield>
  </datafield>
  <datafield tag="700" ind1="1" ind2="0">
    <subfield code="a">Cortes Soriano, Mar&#xED;a Amparo</subfield>
    <subfield code="9">196947</subfield>
    <subfield code="e">coordinador pedag&#xF3;gico</subfield>
  </datafield>
  <datafield tag="700" ind1="1" ind2="0">
    <subfield code="a">C&#xE1;liz Torrens, Sonia</subfield>
    <subfield code="9">196949</subfield>
    <subfield code="e">coordinador t&#xE9;cnico</subfield>
  </datafield>
  <datafield tag="700" ind1="1" ind2="0">
    <subfield code="a">Loza Lozano, Bego&#xF1;a</subfield>
    <subfield code="9">196950</subfield>
    <subfield code="e">coordinador t&#xE9;cnico</subfield>
  </datafield>
  <datafield tag="700" ind1="1" ind2="0">
    <subfield code="a">Ruiz Rivera, Weida</subfield>
    <subfield code="9">196951</subfield>
    <subfield code="e">asistente editorial</subfield>
  </datafield>
  <datafield tag="700" ind1="1" ind2="0">
    <subfield code="a">Vega Serrano, Jadyrah</subfield>
    <subfield code="9">196952</subfield>
    <subfield code="e">director art&#xED;stico</subfield>
  </datafield>
  <datafield tag="700" ind1="1" ind2="0">
    <subfield code="a">Melo Puentes, Andrea</subfield>
    <subfield code="9">62759</subfield>
    <subfield code="e">director art&#xED;stico</subfield>
  </datafield>
  <datafield tag="700" ind1="1" ind2="0">
    <subfield code="a">L&#xF3;pez Albacete, Diana</subfield>
    <subfield code="9">196953</subfield>
    <subfield code="e">dise&#xF1;ador</subfield>
  </datafield>
  <datafield tag="700" ind1="1" ind2="0">
    <subfield code="a">L&#xF3;pez Sal&#xE1;n, Felipe</subfield>
    <subfield code="9">196954</subfield>
    <subfield code="e">ilustrador</subfield>
  </datafield>
  <datafield tag="700" ind1="1" ind2="0">
    <subfield code="a">Cid, Henry</subfield>
    <subfield code="9">53412</subfield>
    <subfield code="e">ilustrador</subfield>
  </datafield>
  <datafield tag="700" ind1=" " ind2="0">
    <subfield code="a">Sell&#xE9;s Ram&#xED;rez , Mariroan</subfield>
    <subfield code="e">maquetador</subfield>
    <subfield code="9">196960</subfield>
  </datafield>
  <datafield tag="700" ind1="1" ind2="0">
    <subfield code="a">Mej&#xED;as Pe&#xF1;a, Tom&#xE1;s J.</subfield>
    <subfield code="9">152636</subfield>
    <subfield code="e">maquetador</subfield>
  </datafield>
  <datafield tag="700" ind1="1" ind2="0">
    <subfield code="a">Peguero, Ariel</subfield>
    <subfield code="9">62796</subfield>
    <subfield code="e">maquetador</subfield>
  </datafield>
  <datafield tag="700" ind1="1" ind2="0">
    <subfield code="a">Fung, Wi-Hen</subfield>
    <subfield code="9">126967</subfield>
    <subfield code="e">maquetador</subfield>
  </datafield>
  <datafield tag="700" ind1="1" ind2="0">
    <subfield code="a">Garc&#xED;a de Dios, Joaqu&#xED;n M.</subfield>
    <subfield code="9">196956</subfield>
    <subfield code="e">m&#xFA;sico</subfield>
  </datafield>
  <datafield tag="700" ind1="1" ind2="0">
    <subfield code="a">Gabara&#xED;n, Ces&#xE1;reo</subfield>
    <subfield code="9">196957</subfield>
    <subfield code="e">m&#xFA;sico</subfield>
  </datafield>
  <datafield tag="942" ind1=" " ind2=" ">
    <subfield code="2">ddc</subfield>
    <subfield code="c">BK</subfield>
  </datafield>
  <datafield tag="999" ind1=" " ind2=" ">
    <subfield code="c">113823</subfield>
    <subfield code="d">113823</subfield>
  </datafield>
  <datafield tag="952" ind1=" " ind2=" ">
    <subfield code="0">0</subfield>
    <subfield code="1">0</subfield>
    <subfield code="2">ddc</subfield>
    <subfield code="7">0</subfield>
    <subfield code="8">GEN-RD</subfield>
    <subfield code="a">Principal</subfield>
    <subfield code="d">2025-05-07</subfield>
    <subfield code="l">0</subfield>
    <subfield code="o">RD 230.07  Y99f </subfield>
    <subfield code="p">250701</subfield>
    <subfield code="r">2025-07-03 10:04:48</subfield>
    <subfield code="t">Ej. 1</subfield>
    <subfield code="y">BK</subfield>
  </datafield>
</record>
